00759nam a2200193Ia 4500003000900000008004100009040001600050080001600066245015500082260003000237300001500267650002800282650003900310650004900349700003100398942000700429999001500436952011400451IN-BaIIA211028s9999 xx 000 0 eng d cIIA Library a083:51bCHA 0aChamber's seven-figure mathematical tablesbconsisting of logarithms of numbers 1 to 100,000 trigonometrical and other tablesccompiled by James Pryde aBombaybAllied Publishers axxv, 312p. a Tables (Data) 98549 a Tables (Mathematical data)98550 aAstronomy and astrophysics thesaurus 91143 aPryde, James., comp.98551 cBK c4804d4804 00104070aBANbBANcGENd1976-02-23g8.00l0o083:51/ CHAp5372r2021-11-05v8.00w1976-02-23yBKGRs. 8.00